Tetrahidroizokinolinvázas 1,2-diaminszármazékok előállítása és gyűrűzárási reakcióik vizsgálata [absztrakt] /

Elmentve itt :
Bibliográfiai részletek
Szerző: Zalán Zita
Testületi szerző: Szent-Györgyi Albert Orvostudományi Egyetem : Házi Tudományos Diákköri Konferencia
Dokumentumtípus: Könyv része
Megjelent: Szent-Györgyi Albert Orvostudományi Egyetem Szeged 1999
Sorozat:Szent-Györgyi Albert Orvostudományi Egyetem : Házi Tudományos Diákköri Konferencia
Kulcsszavak:Gyógyszerkémia - előadáskivonat
Tárgyszavak:
Online Access:http://acta.bibl.u-szeged.hu/88548
LEADER 00982naa a2200193 i 4500
001 acta88548
005 20250913080411.0
008 250913s1999 hu o 100 hun d
040 |a SZTE Egyetemi Kiadványok Repozitórium  |b hun 
041 |a hun 
100 1 |a Zalán Zita 
245 1 0 |a Tetrahidroizokinolinvázas 1,2-diaminszármazékok előállítása és gyűrűzárási reakcióik vizsgálata   |h [elektronikus dokumentum] :  |b [absztrakt] /  |c  Zalán Zita 
260 |a Szent-Györgyi Albert Orvostudományi Egyetem  |b Szeged  |c 1999 
490 0 |a Szent-Györgyi Albert Orvostudományi Egyetem : Házi Tudományos Diákköri Konferencia 
650 4 |a Orvos- és egészségtudomány 
650 4 |a Általános orvostudomány 
695 |a Gyógyszerkémia - előadáskivonat 
711 |a Szent-Györgyi Albert Orvostudományi Egyetem : Házi Tudományos Diákköri Konferencia  |c Szeged  |d 1999. február 18-20. 
856 4 0 |u http://acta.bibl.u-szeged.hu/88548/1/szote_htdk_1999_078.pdf  |z Dokumentum-elérés